| 000 | 00774nam a22002417a 4500 | ||
|---|---|---|---|
| 999 |
_c15722 _d15722 |
||
| 003 | AR-CdUCM | ||
| 008 | 190429b ||||| |||| 00| 0 spa d | ||
| 040 |
_aMUNICIPALIDAD PROVINCIAL DEL CUSCO _cBIBLIOTECA MUNICIPAL DEL CUSCO |
||
| 082 |
_aEP / 613.2 / _bSA17 |
||
| 110 |
_aUNICEF. _99438 |
||
| 245 | _a¡Sal y encuentra la aventura! / | ||
| 260 |
_aSantafé de Bogotá : _bOP Gráficas, _c1998. |
||
| 300 |
_bilustraciones, _c22 cm. |
||
| 650 |
_aAprendizaje _92143 |
||
| 650 |
_aSalud infantil _928437 |
||
| 650 |
_aDerecho _9739 |
||
| 700 |
_aZuluaga, Mariela (edición de textos) _934893 |
||
| 700 |
_aJoven, John (ilustración) _934894 |
||
| 710 |
_aUNICEF. _99438 |
||
| 710 |
_aKiwanis International. _934895 |
||
| 942 |
_2ddc _cLIBROS |
||
| 945 |
_aachl _d2019-04-29 |
||